| 000 | 00650cam a2200253 4500 | ||
|---|---|---|---|
| 008 | 090401t1992 xxu||||| |||| 00| 0 eng d | ||
| 020 | _a0117525340 | ||
| 035 | _a(Sirsi) u55349 | ||
| 041 | _aeng | ||
| 050 | _a306.11 | ||
| 110 |
_aUnited Kingdom _bDepartment of the Environment _9982 |
||
| 245 | _aHandbook of estate improvement: 3 - dwellings. | ||
| 260 |
_aLondon _bHMSO _c1992 |
||
| 300 | _avii, 144p. : ill. ; 30cm. | ||
| 350 | _a35 | ||
| 650 | _aCOSTS | ||
| 650 | _aCOUNCIL HOUSING | ||
| 650 | _aESTATE MANAGEMENT | ||
| 650 | _aHOUSING DESIGN | ||
| 650 | _aRENOVATION | ||
| 690 | _aHOUSING | ||
| 942 | _n0 | ||
| 948 | _c04/03/1997 | ||
| 999 |
_c93597 _d93597 |
||